[Event "Moravia-Silesia Region-chT 2223"]
[Site "Czech Republic"]
[Date "2023.02.12"]
[Round "8"]
[White "Janyska, Pavel"]
[Black "Snyta, Zdenek"]
[Result "0-1"]
[WhiteElo "2150"]
[BlackElo "1950"]
[PlyCount "76"]
[EventDate "2022.10.09"]
[EventType "team-tourn"]
[EventRounds "11"]
[EventCountry "CZE"]
[SourceTitle "EXT 2024"]
[Source "ChessBase"]
[SourceDate "2023.10.10"]
[SourceVersion "1"]
[SourceVersionDate "2023.10.10"]
[SourceQuality "1"]
[WhiteTeam "Bruntal"]
[BlackTeam "Dolni Benesov II"]
[WhiteTeamCountry "CZE"]
[BlackTeamCountry "CZE"]

1. e4 d5 2. exd5 Nf6 3. d4 Nxd5 4. c4 Nb6 5. Nc3 e5 6. dxe5 Qxd1+ 7. Kxd1 Nc6 8. Bf4 Be6 9. b3 Ba3 10. Nb5 0-0-0+ 11. Ke2 Bb2 12. Rb1 Bxe5 13. Bxe5 Nxe5 14. f4 Nc6 15. Nf3 Bg4 16. Kf2 Bxf3 17. Kxf3 Rd2 18. Ra1 a6 19. Nc3 Rhd8 20. Ke3 Rc2 21. Ne4 f5 22. Bd3 Rxd3+ 23. Kxd3 Nb4+ 24. Ke3 fxe4 25. Kxe4 Nxa2 26. g4 Nd7 27. h4 Nc5+ 28. Kf5 Nxb3 29. Rad1 Rxc4 30. h5 Nd4+ 31. Ke5 Nc6+ 32. Kf5 Nc3 33. Rd3 Nb5 34. Rf1 Nbd4+ 35. Kg5 b5 36. f5 Ne5 37. Re3 Ndf3+ 38. Rfxf3 Rxg4# 0-1

[Event "Moravia-Silesia Region-chT 2223"]
[Site "Czech Republic"]
[Date "2022.11.27"]
[Round "4"]
[White "Funiok, Marcel"]
[Black "Janyska, Pavel"]
[Result "1-0"]
[WhiteElo "2098"]
[BlackElo "2164"]
[PlyCount "119"]
[EventDate "2022.10.09"]
[EventType "team-tourn"]
[EventRounds "11"]
[EventCountry "CZE"]
[SourceTitle "EXT 2024"]
[Source "ChessBase"]
[SourceDate "2023.10.10"]
[SourceVersion "1"]
[SourceVersionDate "2023.10.10"]
[SourceQuality "1"]
[WhiteTeam "Havirov Banik"]
[BlackTeam "Bruntal"]
[WhiteTeamCountry "CZE"]
[BlackTeamCountry "CZE"]

1. c4 Nf6 2. d4 e6 3. Nf3 b6 4. Nc3 Bb7 5. e3 Bb4 6. Bd2 0-0 7. Be2 d6 8. 0-0 Nbd7 9. Rc1 Bxc3 10. Bxc3 Ne4 11. Be1 f5 12. Nd2 Qg5 13. Nxe4 fxe4 14. Bd2 Rf6 15. f4 exf3 16. Bxf3 Bxf3 17. Rxf3 Raf8 18. Rxf6 Nxf6 19. Qe2 Ne4 20. Be1 h6 21. b4 c5 22. bxc5 bxc5 23. dxc5 Qxc5 24. Rb1 Qc6 25. Rb4 Rc8 26. Qg4 d5 27. cxd5 exd5 28. h3 Re8 29. Qd1 Qc5 30. Qd4 Qc1 31. Qxd5+ Kh8 32. Rxe4 Qxe1+ 33. Kh2 Rxe4 34. Qa8+ Re8 35. Qxe8+ Kh7 36. Qe4+ Kg8 37. Qa8+ Kh7 38. Qxa7 Qd2 39. Qa3 Qd5 40. Qb3 Qe5+ 41. Kg1 h5 42. Qd3+ Kh6 43. Qd4 Qa5 44. Qf4+ Kh7 45. a4 Qe1+ 46. Kh2 h4 47. Qg5 Kg8 48. a5 Qd2 49. Qxh4 Qxa5 50. Qf4 Qd2 51. h4 Qc1 52. Kg3 Qe1+ 53. Qf2 Qc3 54. Kg4 Qc4+ 55. Qf4 Qe2+ 56. Qf3 Qc4+ 57. e4 Kh7 58. Qf5+ Kh8 59. Qh5+ Kg8 60. Qd5+ 1-0

[Event "CZE-chT2F 1819"]
[Site "Czech Republic"]
[Date "2019.02.24"]
[Round "9.7"]
[White "Janyska, Pavel"]
[Black "Nytra, Petr"]
[Result "1-0"]
[WhiteElo "2161"]
[BlackElo "1947"]
[PlyCount "49"]
[EventDate "2018.10.14"]
[EventType "team-tourn"]
[EventRounds "11"]
[EventCountry "CZE"]
[SourceTitle "EXT 2022"]
[Source "ChessBase"]
[SourceDate "2021.10.06"]
[SourceVersion "1"]
[SourceVersionDate "2021.10.06"]
[SourceQuality "1"]
[WhiteTeam "Vrbno pod Pradedem"]
[BlackTeam "Orlova Slavia II"]
[WhiteTeamCountry "CZE"]
[BlackTeamCountry "CZE"]

1. e4 c5 2. Nc3 e6 3. f4 d5 4. Bb5+ Bd7 5. Qe2 d4 6. Bxd7+ Qxd7 7. Nb1 d3 8. Qe3 Nc6 9. Na3 Nf6 10. Nf3 0-0-0 11. b3 Ng4 12. Qxd3 Qxd3 13. cxd3 Nb4 14. 0-0 Nxd3 15. Nc4 Be7 16. g3 b5 17. Nb2 Nf6 18. Nxd3 Rxd3 19. Ne5 Rd4 20. d3 c4 21. bxc4 Bc5 22. Be3 Nd7 23. Rac1 bxc4 24. Kg2 Nxe5 25. fxe5 1-0

[Event "CZE-chT2F 1617"]
[Site "Czech Republic"]
[Date "2016.11.13"]
[Round "3.5"]
[White "Janyska, Pavel"]
[Black "Navratil, Jiri2222"]
[Result "1-0"]
[WhiteElo "2164"]
[BlackElo "2065"]
[PlyCount "51"]
[EventDate "2016.10.09"]
[EventType "team-tourn"]
[EventRounds "11"]
[EventCountry "CZE"]
[SourceTitle "EXT 2022"]
[Source "ChessBase"]
[SourceDate "2021.10.06"]
[SourceVersion "1"]
[SourceVersionDate "2021.10.06"]
[SourceQuality "1"]
[WhiteTeam "Vrbno pod Pradedem"]
[BlackTeam "Unicov"]
[WhiteTeamCountry "CZE"]
[BlackTeamCountry "CZE"]

1. e4 c5 2. Nc3 e6 3. f4 d5 4. Bb5+ Bd7 5. Qe2 d4 6. Nb1 Nf6 7. Nf3 Be7 8. 0-0 0-0 9. Bxd7 Qxd7 10. d3 Nc6 11. Nbd2 Qc7 12. Nc4 Nd7 13. a4 a6 14. a5 f5 15. Bd2 b5 16. axb6 Nxb6 17. Nxb6 Qxb6 18. exf5 exf5 19. Qe6+ Kh8 20. Ne5 Rf6 21. Qd5 Qc7 22. Nf7+ Kg8 23. Rxa6 Rf8 24. Ne5+ Kh8 25. Rxc6 Rxc6 26. Qxc6 1-0

[Event "CZE-chT2F 1617"]
[Site "Czech Republic"]
[Date "2016.10.09"]
[Round "1.4"]
[White "Gnida, Patrik"]
[Black "Janyska, Pavel"]
[Result "1-0"]
[WhiteElo "2108"]
[BlackElo "2164"]
[PlyCount "73"]
[EventDate "2016.10.09"]
[EventType "team-tourn"]
[EventRounds "11"]
[EventCountry "CZE"]
[SourceTitle "EXT 2022"]
[Source "ChessBase"]
[SourceDate "2021.10.06"]
[SourceVersion "1"]
[SourceVersionDate "2021.10.06"]
[SourceQuality "1"]
[WhiteTeam "Velke Losiny"]
[BlackTeam "Vrbno pod Pradedem"]
[WhiteTeamCountry "CZE"]
[BlackTeamCountry "CZE"]

1. e4 c5 2. Nf3 e6 3. d3 d5 4. Nbd2 Nc6 5. g3 g6 6. Bg2 Bg7 7. 0-0 Nge7 8. Re1 0-0 9. Nf1 b6 10. e5 Qc7 11. Bf4 Nd4 12. N3d2 Ba6 13. h4 b5 14. Ne3 c4 15. dxc4 bxc4 16. Ndxc4 Ndc6 17. Nd2 Bxe5 18. Bxe5 Nxe5 19. f4 N5c6 20. c4 Bxc4 21. Ndxc4 dxc4 22. Rc1 Rad8 23. Qa4 Nd4 24. Kh2 Nef5 25. Nxc4 Qb8 26. Qa3 Rc8 27. Be4 Rfd8 28. Ne5 Rxc1 29. Rxc1 Ne2 30. Rc2 Nfxg3 31. Qe7 Qb6 32. Qxf7+ Kh8 33. Rc7 Nf1+ 34. Kh3 Ng1+ 35. Kg4 Nh2+ 36. Kg5 Ngf3+ 37. Kh6 1-0

[Event "CZE-chT2F 1314"]
[Site "Czech Republic"]
[Date "2014.03.23"]
[Round "10.53"]
[White "Janyska, Pavel"]
[Black "Soban, Jaroslav"]
[Result "0-1"]
[WhiteElo "2080"]
[BlackElo "2146"]
[PlyCount "134"]
[EventDate "2013.11.03"]
[EventType "team-tourn"]
[EventRounds "11"]
[EventCountry "CZE"]
[SourceTitle "EXT 2016"]
[Source "ChessBase"]
[SourceDate "2015.10.08"]
[SourceVersion "1"]
[SourceVersionDate "2015.10.08"]
[SourceQuality "1"]
[WhiteTeam "Poruba VOKD"]
[BlackTeam "Olomouc Garde"]
[WhiteTeamCountry "CZE"]
[BlackTeamCountry "CZE"]

1. e4 Nf6 2. e5 Nd5 3. d4 d6 4. c4 Nb6 5. exd6 exd6 6. Bd3 Nc6 7. Ne2 Nb4 8. 0-0 Be7 9. Nbc3 Nxd3 10. Qxd3 0-0 11. b3 Bf6 12. Ng3 a5 13. Nce4 d5 14. Nxf6+ Qxf6 15. c5 Nd7 16. Nh5 Qg6 17. Nf4 Qxd3 18. Nxd3 Nf6 19. Bf4 Bf5 20. Ne5 c6 21. a3 Nh5 22. Bd2 f6 23. Nf3 g5 24. h3 Be4 25. Nh2 Ra6 26. Rfe1 Kf7 27. Rac1 Raa8 28. Rc3 Ng7 29. f3 Bg6 30. g4 Ne6 31. Be3 Rfe8 32. Rcc1 Re7 33. Kf2 a4 34. b4 Rae8 35. Nf1 Nc7 36. Ra1 Nb5 37. Red1 h5 38. Re1 hxg4 39. hxg4 Rh8 40. Kg2 Rhe8 41. Kf2 Rh8 42. Kg2 Bd3 43. Ng3 Kg6 44. Rad1 Bc2 45. Ra1 Rhe8 46. Kf2 f5 47. gxf5+ Bxf5 48. Nxf5 Kxf5 49. Bd2 Nxd4 50. Rxe7 Rxe7 51. Bc3 Nb5 52. Bb2 Rh7 53. Kg3 Re7 54. Kf2 Nc7 55. Rh1 Kg6 56. Rh8 Re8 57. Rh1 Nb5 58. Rg1 Kf5 59. Rh1 d4 60. Rh7 d3 61. Bc1 Re2+ 62. Kf1 d2 63. Bxd2 Rxd2 64. Rxb7 Ra2 65. Rb6 Nd4 66. b5 cxb5 67. c6 Rc2 0-1

[Event "CZE-chT2F 1213"]
[Site "Czech Republic"]
[Date "2012.12.16"]
[Round "5.53"]
[White "Szotkowski, Jakub"]
[Black "Janyska, Pavel"]
[Result "0-1"]
[WhiteElo "2131"]
[BlackElo "2077"]
[PlyCount "176"]
[EventDate "2012.10.14"]
[EventType "team-tourn"]
[EventRounds "11"]
[EventCountry "CZE"]
[SourceTitle "EXT 2016"]
[Source "ChessBase"]
[SourceDate "2015.10.08"]
[SourceVersion "1"]
[SourceVersionDate "2015.10.08"]
[SourceQuality "1"]
[WhiteTeam "Havirov Slovan"]
[BlackTeam "Albrechtice"]
[WhiteTeamCountry "CZE"]
[BlackTeamCountry "CZE"]

1. Nf3 Nf6 2. c4 e6 3. Nc3 Bb4 4. g3 b6 5. Bg2 Bb7 6. 0-0 0-0 7. a3 Bxc3 8. bxc3 d6 9. d3 Nbd7 10. Ne1 Bxg2 11. Nxg2 Ne8 12. e4 f5 13. exf5 Rxf5 14. Ra2 Rf7 15. Nf4 e5 16. Ne6 Qe7 17. Ng5 Rf8 18. f4 h6 19. Nf3 exf4 20. Bxf4 Nef6 21. Nd4 Nc5 22. Rg2 Nfd7 23. g4 Rae8 24. Nf5 Qf6 25. Bc1 Qg6 26. h4 Kh7 27. h5 Qe6 28. Qf3 Ne5 29. Qh3 Ncxd3 30. Bd2 Nc5 31. g5 Ne4 32. g6+ Kg8 33. Bc1 Rf6 34. Bxh6 Rxf5 35. Rxf5 gxh6 36. g7 Nf6 37. Rgf2 Neg4 38. Qf3 Qe1+ 39. Rf1 Qe3+ 40. Qxe3 Rxe3 41. Rxf6 Nxf6 42. Rxf6 Kxg7 43. Rg6+ Kh7 44. Rf6 Rxc3 45. Rf7+ Kg8 46. Rxc7 Rxa3 47. Rc8+ Kf7 48. Rh8 Kg7 49. Rd8 Rc3 50. Rxd6 Rxc4 51. Rd7+ Kf6 52. Rxa7 Kg5 53. Rd7 Rc5 54. Kf2 Kxh5 55. Rb7 Rb5 56. Rg7 Rb3 57. Ke2 Kh4 58. Kd2 h5 59. Kc2 Rg3 60. Rh7 Rg5 61. Ra7 Kg3 62. Kd3 h4 63. Re7 h3 64. Re3+ Kg2 65. Re2+ Kf1 66. Rb2 Rg6 67. Ke3 Rh6 68. Kf3 Ke1 69. Ke3 Kd1 70. Kd3 Kc1 71. Rh2 b5 72. Kc3 Kd1 73. Kd3 Ke1 74. Ke3 Kf1 75. Kf3 Rf6+ 76. Kg3 b4 77. Rb2 Rb6 78. Kf3 Ke1 79. Ke3 Kd1 80. Kd3 Kc1 81. Rh2 Rc6 82. Ke4 Rc3 83. Kd4 Rg3 84. Rh1+ Kb2 85. Kc4 b3 86. Rf1 Ka2 87. Rf8 b2 88. Rf2 Rg2 0-1

[Event "CZE-chT2F 0910"]
[Site "Czech Republic"]
[Date "2009.11.22"]
[Round "3.6"]
[White "Trombik, Karel"]
[Black "Janyska, Pavel"]
[Result "1/2-1/2"]
[WhiteElo "2099"]
[BlackElo "2013"]
[PlyCount "81"]
[EventDate "2009.10.18"]
[EventType "team-tourn"]
[EventRounds "11"]
[EventCountry "CZE"]
[SourceTitle "EXT 2012"]
[Source "ChessBase"]
[SourceDate "2011.11.24"]
[SourceVersion "1"]
[SourceVersionDate "2011.11.24"]
[SourceQuality "1"]
[WhiteTeam "Havirov"]
[BlackTeam "Bruntal"]
[WhiteTeamCountry "CZE"]
[BlackTeamCountry "CZE"]

1. d4 d5 2. Nf3 Nf6 3. e3 Bf5 4. Be2 e6 5. 0-0 Bd6 6. b3 0-0 7. Bb2 c5 8. c4 Nc6 9. Nc3 cxd4 10. exd4 Rc8 11. a3 b6 12. cxd5 exd5 13. b4 Re8 14. Re1 Bb8 15. Qb3 Qd6 16. g3 Bg4 17. Nd1 Ne4 18. Ne3 Be6 19. Rac1 f6 20. Bb5 Red8 21. Qd3 Ne7 22. Ba4 Nf5 23. Nxf5 Bxf5 24. Nh4 Be6 25. Qe3 Bd7 26. Bxd7 Qxd7 27. Kg2 Re8 28. Qd3 Nd6 29. Rxc8 Qxc8 30. Rxe8+ Qxe8 31. Nf3 Nc4 32. Bc1 Qe4 33. Qxe4 dxe4 34. Nd2 Nxd2 35. Bxd2 Kf7 36. f3 f5 37. fxe4 fxe4 38. d5 g6 39. Kf2 Kf6 40. Bf4 Be5 41. Ke3 1/2-1/2

[Event "CZE-chT2F 0910"]
[Site "Czech Republic"]
[Date "2009.10.18"]
[Round "1.7"]
[White "Janyska, Pavel"]
[Black "Vacek, Antonin"]
[Result "1/2-1/2"]
[WhiteElo "2013"]
[BlackElo "2089"]
[PlyCount "84"]
[EventDate "2009.10.18"]
[EventType "team-tourn"]
[EventRounds "11"]
[EventCountry "CZE"]
[SourceTitle "EXT 2012"]
[Source "ChessBase"]
[SourceDate "2011.11.24"]
[SourceVersion "1"]
[SourceVersionDate "2011.11.24"]
[SourceQuality "1"]
[WhiteTeam "Bruntal"]
[BlackTeam "Ostrava Mittal II"]
[WhiteTeamCountry "CZE"]
[BlackTeamCountry "CZE"]

1. e4 e6 2. d4 d5 3. Nc3 Bb4 4. e5 c5 5. a3 Bxc3+ 6. bxc3 Ne7 7. Nf3 Nbc6 8. a4 Qa5 9. Qd2 cxd4 10. cxd4 Qxd2+ 11. Bxd2 0-0 12. Bd3 Nf5 13. Bc3 Bd7 14. g4 Nfe7 15. 0-0 b6 16. a5 bxa5 17. Bxa5 Nxa5 18. Rxa5 Nc6 19. Rc5 Nb4 20. Be2 Rfc8 21. c3 Rxc5 22. dxc5 Nc6 23. Ba6 Rb8 24. c4 Rb3 25. Kg2 dxc4 26. Bxc4 Rb4 27. Rd1 Be8 28. Rc1 Na5 29. Nd2 Rb2 30. Nf1 Nc6 31. Ne3 Nxe5 32. Kg3 Kf8 33. Ba6 Bc6 34. Nc4 Rb3+ 35. Ne3 Ke7 36. Bf1 a5 37. Bg2 Kd7 38. Ra1 Rb5 39. f4 Rb3 40. fxe5 Rxe3+ 41. Kf2 Rxe5 42. Rxa5 Bd5 1/2-1/2

[Event "Moravia-Silesia Region-chT 0708"]
[Site "Czech Republic"]
[Date "2007.11.25"]
[Round "3.4"]
[White "Ockay, Tomas"]
[Black "Janyska, Pavel"]
[Result "1-0"]
[WhiteElo "2113"]
[BlackElo "2024"]
[PlyCount "117"]
[EventDate "2007.10.28"]
[EventType "team-tourn"]
[EventRounds "11"]
[EventCountry "CZE"]
[SourceTitle "EXT 2024"]
[Source "ChessBase"]
[SourceDate "2023.10.10"]
[SourceVersion "1"]
[SourceVersionDate "2023.10.10"]
[SourceQuality "1"]

1. Nf3 d5 2. b3 Nf6 3. Bb2 Bf5 4. g3 e6 5. Bg2 Nbd7 6. d3 c6 7. Nbd2 Bg6 8. 0-0 Be7 9. c4 0-0 10. Qc2 Qc7 11. Nh4 Bh5 12. Rae1 Rad8 13. Qc3 Ne8 14. Nhf3 Bf6 15. d4 Be7 16. e4 dxe4 17. Nxe4 Nef6 18. Nfd2 Qb6 19. a3 Bg6 20. Kh1 Nxe4 21. Nxe4 Nf6 22. f3 Rd7 23. b4 Rfd8 24. Qb3 Qc7 25. Rd1 a5 26. Nc5 Bxc5 27. dxc5 Rd3 28. Rxd3 Rxd3 29. Qa4 Rd2 30. Bc3 Bc2 31. Qxa5 Qxa5 32. bxa5 Rd3 33. Bb4 Bb3 34. Rc1 Bxc4 35. Bf1 Nd5 36. Bxd3 Bxd3 37. Kg1 Kf8 38. Kf2 Ke7 39. Rd1 Bb5 40. f4 g6 41. Kf3 h5 42. Rd2 Kf6 43. Rc2 Ke7 44. Bc3 Ba4 45. Rc1 Bb5 46. Bd4 Bd3 47. Rd1 Bb5 48. Rd2 Bc4 49. Rb2 Bb5 50. h3 Ba6 51. g4 hxg4+ 52. hxg4 Nc7 53. a4 Nd5 54. g5 f5 55. gxf6+ Nxf6 56. Bxf6+ Kxf6 57. Ke4 Kf7 58. Ke5 Ke7 59. Rh2 1-0

[Event "CZE-chT2f 0607"]
[Site "Czech Republic"]
[Date "2006.10.15"]
[Round "1.4"]
[White "Kufa, Pavel"]
[Black "Janyska, Pavel"]
[Result "1-0"]
[WhiteElo "2182"]
[BlackElo "2055"]
[PlyCount "65"]
[EventDate "2006.10.14"]
[EventType "team"]
[EventRounds "11"]
[EventCountry "CZE"]
[SourceTitle "EXT 2009"]
[Source "ChessBase"]
[SourceDate "2008.11.26"]
[SourceVersion "1"]
[SourceVersionDate "2008.11.26"]
[SourceQuality "1"]

1. e4 c5 2. d4 cxd4 3. c3 dxc3 4. Nxc3 Nc6 5. Nf3 e6 6. Bc4 a6 7. 0-0 Qc7 8. Bg5 Be7 9. Rc1 b5 10. Bb3 Bxg5 11. Nxg5 Nf6 12. f4 h6 13. Nxf7 Kxf7 14. e5 Nxe5 15. fxe5 Qxe5 16. Nd5 Rf8 17. Qd3 Qg5 18. Nb6 Kg8 19. h4 Qg4 20. Bd1 Qxh4 21. Nxa8 Bb7 22. Nb6 Ne4 23. Rxf8+ Kxf8 24. Qf1+ Kg8 25. Nxd7 Ng3 26. Qf8+ Kh7 27. Bc2+ Be4 28. Bxe4+ Nxe4 29. Qf7 Qg3 30. Qf3 Qh4 31. Nf8+ Kg8 32. Nxe6 Nf6 33. Qf4 1-0

[Event "CZE-chT2f 0506"]
[Site "Czech Republic"]
[Date "2005.11.20"]
[Round "3.5"]
[White "Hrtanek, Jiri"]
[Black "Janyska, Pavel"]
[Result "1/2-1/2"]
[WhiteElo "2196"]
[BlackElo "2013"]
[PlyCount "82"]
[EventDate "2005.10.16"]
[EventType "team"]
[EventRounds "11"]
[EventCountry "CZE"]
[SourceTitle "EXT 2009"]
[Source "ChessBase"]
[SourceDate "2008.11.26"]
[SourceVersion "1"]
[SourceVersionDate "2008.11.26"]
[SourceQuality "1"]

1. d4 d5 2. c4 e6 3. Nc3 Nf6 4. cxd5 exd5 5. Bg5 Be7 6. e3 0-0 7. Bd3 c6 8. Nf3 Nbd7 9. 0-0 Ne4 10. Bf4 Ndf6 11. Qc2 Nxc3 12. bxc3 Bd6 13. Ne5 Qc7 14. c4 c5 15. Rfc1 cxd4 16. exd4 dxc4 17. Bxc4 Qb6 18. Be3 Qa5 19. Bd2 Qc7 20. Qb2 Qe7 21. Re1 Be6 22. Bxe6 fxe6 23. Bg5 Rac8 24. Rab1 b6 25. h3 Qe8 26. Bxf6 Rxf6 27. Rbc1 Bxe5 28. Rxe5 Rxc1+ 29. Qxc1 Qd7 30. Qc4 Qd6 31. g3 Kf7 32. a4 h6 33. a5 Qa3 34. axb6 Qa1+ 35. Kg2 Qb2 36. Re2 Qxb6 37. f3 Rf5 38. Rc2 Rd5 39. Qc7+ Qxc7 40. Rxc7+ Kf6 41. Rxa7 Rxd4 1/2-1/2

[Event "Morava-ch U15"]
[Site "Czech Republic"]
[Date "2000.??.??"]
[Round "?"]
[White "Mlcoch, David"]
[Black "Janyska, Pavel"]
[Result "1/2-1/2"]
[WhiteElo "1690"]
[BlackElo "1770"]
[PlyCount "64"]
[EventDate "2000.??.??"]
[EventType "swiss"]
[EventRounds "9"]
[EventCountry "CZE"]
[SourceTitle "EXT 2006"]
[Source "ChessBase"]
[SourceDate "2005.11.24"]
[SourceVersion "1"]
[SourceVersionDate "2005.11.24"]
[SourceQuality "1"]

1. d4 d5 2. c4 e6 3. Nc3 Nf6 4. Bg5 Nbd7 5. e3 Be7 6. Nf3 0-0 7. Qc2 h6 8. Bh4 Re8 9. Bd3 c5 10. 0-0 Qc7 11. Bg3 Qc6 12. cxd5 exd5 13. Ne5 Nxe5 14. Bb5 Qb6 15. Bxe8 Ned7 16. Bxd7 Bxd7 17. dxc5 Bxc5 18. Na4 Bxa4 19. Qxa4 Ne4 20. Rad1 Rd8 21. Rd3 Nxg3 22. hxg3 Qxb2 23. Rb3 Qc2 24. Rb4 Qxa4 25. Rxa4 Kf8 26. Rd1 Ke7 27. Ra5 Kd6 28. Kf1 Rd7 29. Ke2 Kc6 30. Rc1 b6 31. Ra3 a5 32. Rd3 Rd6 1/2-1/2

[Event "Morava-ch U15"]
[Site "Czech Republic"]
[Date "2000.??.??"]
[Round "?"]
[White "Trubacik, Josef"]
[Black "Janyska, Pavel"]
[Result "1-0"]
[WhiteElo "1665"]
[BlackElo "1770"]
[PlyCount "71"]
[EventDate "2000.??.??"]
[EventType "swiss"]
[EventRounds "9"]
[EventCountry "CZE"]
[SourceTitle "EXT 2006"]
[Source "ChessBase"]
[SourceDate "2005.11.24"]
[SourceVersion "1"]
[SourceVersionDate "2005.11.24"]
[SourceQuality "1"]

1. e4 e6 2. d4 d5 3. Nd2 Nf6 4. e5 Nfd7 5. Bd3 c5 6. c3 Nc6 7. Ne2 cxd4 8. cxd4 f6 9. exf6 Nxf6 10. Nf3 Bd6 11. Bf4 0-0 12. 0-0 Bxf4 13. Nxf4 Qc7 14. g3 e5 15. dxe5 Nxe5 16. Nxe5 Qxe5 17. Qb3 Kh8 18. Rfe1 Qd6 19. Rad1 b6 20. Bf1 Bb7 21. Bg2 Rfd8 22. Rd4 Rac8 23. Red1 Rc5 24. Qa3 b5 25. Qb3 Qc6 26. Nd3 Rc4 27. Ne5 Qc7 28. Nxc4 bxc4 29. Qxc4 dxc4 30. Rxd8+ Ng8 31. R1d7 Qa5 32. Bxb7 Qxa2 33. Bd5 Qa1+ 34. Kg2 h6 35. Rxg8+ Kh7 36. Rdxg7# 1-0